000 00731nam a2200217 a 4500
003 SISC
005 20170119164230.0
008 110803s19uu xx 00 eng d
020 _a9780071289504
050 _aHD 30.28
_b.P3395 2011
100 _aPearce II, John A.
245 _aStrategic management :
_bformulation, implementation and control /
_cJohn A. Pearce II, RIchard B. Robinson.
250 _a12th edition.
260 _aNew York :
_bMcGraw-Hill,
_c2011.
300 _a810 pages. :
_billustrations ;
_c25 cm.
500 _aIt includes glossary, photo index, name and subject indices, and case study.
650 _aStrategic planning.
700 _aRichard B. Robinson.
942 _cBK
_2lcc
_kFOR
999 _c24407
_d24407